000 00401nam a2200181Ia 4500
003 0STCL
008 150530s9999 xx 000 0 und d
040 _aSTCL
_cSTCL
100 _aAcharya Ratnanadha
245 _aArivinte Prakasa Veedhiyiloode
250 _a1
260 _c2004
_aBanglore
300 _a0
546 _aMalayalam
942 _2ddc
_cBK
999 _c2092
_d2092
005 20220125165307.0